Statistics for Ligue 1 2014-2015 Top scorers

Click here to take the quiz!

General Stats

  • This quiz has been taken 9 times
  • The average score is 7 of 10

Answer Stats

GoalsNationalityClubPlayer% Correct
27FranceLyonAlexandre Lacazette
100%
18UruguayParis Saint GermainEdinson Cavani
100%
19SwedenParis Saint-GermainZlatan Ibrahimović
100%
21FranceMarseilleAndré-Pierre Gignac
78%
17FranceGuingampClaudio Beauvue
56%
15UruguayBordeauxDiego Rolan
56%
17Ivory CoastSaint-ÉtienneMax Gradel
56%
14FranceToulouseWissam Ben Yedder
56%
13FranceLyonNabil Fekir
44%
12GhanaLorientJordan Ayew
33%

Score Distribution

Percentile by Number Answered

Percent of People with Each Score

Your Score History

You have not taken this quiz